Verbundene Länder auf der Weltkarte #3 - Statistiken

Allgemein
  • Dieses Quiz wurde 35.556 mal gespielt
  • Das Durchschnittsergebnis liegt bei 17 aus 21
Antworten auf der Karte
Die Antworten werden auf der Karte rot bzw. grün angezeigt, abhängig davon wie oft sie richtig erraten wurden.
 
Antwortstatistiken
Land % Korrekt
Italien
99%
Frankreich
98%
Spanien
98%
Portugal
97%
China
96%
Türkei
94%
Griechenland
92%
Indonesien
88%
Slowenien
87%
Albanien
84%
Thailand
84%
Iran
83%
Ungarn
83%
Serbien
81%
Papua-Neuguinea
73%
Malaysia
72%
Montenegro
72%
Myanmar
72%
Usbekistan
62%
Turkmenistan
60%
Tadschikistan
56%
Keine übereinstimmenden Quizze gefunden
Verteilung der Resultate
Anzahl Personen mit jedem Resultat
Perzentil nach korrekt beantworteten Fragen
Ihre Resultats-Entwicklung
Sie haben dieses Quiz noch nicht gespielt